Statistics for Dragon slippers

Click here to take the quiz!

General Stats

  • This quiz has been taken 3 times
  • The average score is 7 of 18

Answer Stats

ClueAnswer% Correct
The princeLuka
100%
Bodyguard of LukaTobin
100%
The dressmakerCreel
67%
Creel’s friendMarta
67%
Dragon kingShardas
67%
Creel’s friendAlle
33%
Bad guyAmalia
33%
DressmakerDerda
33%
Creel’s brotherHagen
33%
Betrayed friendLarkin
33%
The crown princeMiles
33%
Dragon friendNiva
33%
First dragonTheoradus
33%
Dragon queenVelika
33%
First dragon’s friendAmaracin
0%
KingCaxon
0%
Green dragonFeinul
0%
Tobin’s sisterUlfrid
0%

Score Distribution

Percentile by Number Answered

Percent of People with Each Score

Your Score History

You have not taken this quiz